00394nam a22001097a 4500020001800000082001200018100001700030245009700047260004300144300002100187880007600208 a9787214081605 a294.307 aLai, Yonghai aPhoenix library Religious Studies Series: Nature of Buddhism(Chinese Edition) /cYonghai Lai bUniversity of California Press,c2000. a316 p. ;c23 cm. 6245-02\ra凤凰图书馆宗教学丛书:佛教本质(中文版)/